00000000nam 2200000za 4500
0019.646325
003CaOODSP
00520200514165813
007ta
008150407|1996||||xxc|||||     f|0| 0 eng d
020 |a0-660-16626-7
040 |aCaOODSP|beng
043 |an-cn---
0861 |aNH15-148/1996E
1102 |aCanada Mortgage and Housing Corporation.
24510|aMigration and mobility of Canada's aboriginal population / |cby Stewart Clatworthy. Issued jointly by the Royal Commission on Aboriginal Peoples.
260 |aOttawa - Ontario : |bCanada Mortgage and Housing Corporation |c1996.
300 |axii, 36p. : |bfigs., graphs, references, tables ; |c28 cm.
500 |a"This study explores various dimensions of the migration, residential mobility and housing consumption patterns of Canada's Aboriginal population."--Purpose.
5203 |aThis study explores various dimensions of the migration, residential mobility and housing consumption patterns of Canada's Aboriginal population.--Purpose
563 |aSoftcover
590 |a97-22|b1997-05-30
69007|aHousing|2gcpds
69007|aIndigenous peoples|2gcpds
7201 |aClatworthy, Stewart
77508|tMigration et mobilité de la population autochtone du Canada / |w(CaOODSP)9.679882
7760#|tMigration and mobility of Canada's aboriginal population |w(CaOODSP)9.846716
986 |aPE 0203